mysqli: Table './ulib62015/stat_globaluid' is marked as crashed and should be repaired
select id from stat_globaluid where statuid='20260517200420_1123'
mysqli: Table './ulib62015/stat_globaluid' is marked as crashed and should be repaired
DELETE FROM stat_globaluid
WHERE id NOT IN (
SELECT id
FROM (
SELECT id
FROM stat_globaluid
ORDER BY id DESC
LIMIT 100
) foo
);
mysqli: Table './ulib62015/stat_globaluid' is marked as crashed and should be repaired
insert into stat_globaluid set
statuid='20260517200420_1123',
dt='1779023060',
phpself='/ULIB62015/dublinfull.php',
agent='Mozilla/5.0 AppleWebKit/537.36 (KHTML, like Gecko; compatible; ClaudeBot/1.0; +claudebot@anthropic.com)',
yea='2026',
mon='5',
dat='17',
ip='216.73.216.45'
mysqli: Table './ulib62015/stathist_viewbib_bib_type' is marked as crashed and should be repaired
insert into stathist_viewbib_bib_type set
dat='17' ,
mon='05' ,
yea='2026' ,
statuid='20260517200420_1123' ,
head='13399121275' ,
foot='marc' ,
dt='1779023060'
LEADER : 00000nam 2200000uu 4500
001 13399121275
003 ULIB
008 150804s||||||||th 000 0 tha d
020 ^a9781405157209 (alk.paper)
060 4 ^aWD300^bA434 2008
245 10 ^aAllergy and allergic diseases Volume 2 :^ballergic diseases : etiology, diagnosis and treatment/^cedited by A.B. Kay...[et al.]; foreword by K. Frank Austen